000 00225nam a22000857a 4500
008 250508b ||||| |||| 00| 0 eng d
100 _aDrummond, James N.
245 _aCollege and School Stamps
650 _aCollege and School Stamps
999 _c3655
_d3655